[Event "JBLN Ost 0001"]
[Site "Germany"]
[Date "2001.01.14"]
[Round "?"]
[White "Koehn, Dagmar"]
[Black "Galle, Stephan"]
[Result "1/2-1/2"]
[WhiteElo "1744"]
[BlackElo "1599"]
[PlyCount "47"]
[EventDate "2000.??.??"]
[EventType "team"]
[EventRounds "9"]
[EventCountry "GER"]
[SourceTitle "EXT 2003"]
[Source "ChessBase"]
[SourceDate "2002.11.25"]
[SourceVersion "1"]
[SourceVersionDate "2002.11.25"]
[SourceQuality "1"]

1. e4 c5 2. Nf3 d6 3. d4 cxd4 4. Nxd4 Nf6 5. Nc3 a6 6. Be2 e6 7. Bg5 Be7 8. Qd2 Qc7 9. 0-0 b5 10. a3 Nbd7 11. Rfe1 Bb7 12. Bxf6 Nxf6 13. Bf3 0-0 14. Qe3 Rfd8 15. Rad1 Rac8 16. h3 Kh8 17. Nce2 d5 18. e5 Nd7 19. Nf4 Nxe5 20. Nfxe6 Nxf3+ 21. gxf3 fxe6 22. Nxe6 Bc5 23. Qg5 Qd7 24. Nxd8 1/2-1/2

[Event "JBLN Ost 0001"]
[Site "Germany"]
[Date "2000.11.25"]
[Round "?"]
[White "Weisshuhn, Gunnar"]
[Black "Galle, Stephan"]
[Result "1-0"]
[WhiteElo "1546"]
[BlackElo "1599"]
[PlyCount "103"]
[EventDate "2000.??.??"]
[EventType "team"]
[EventRounds "9"]
[EventCountry "GER"]
[SourceTitle "EXT 2003"]
[Source "ChessBase"]
[SourceDate "2002.11.25"]
[SourceVersion "1"]
[SourceVersionDate "2002.11.25"]
[SourceQuality "1"]

1. d4 d5 2. Nf3 Nf6 3. c4 e6 4. g3 Be7 5. Bg2 c6 6. Qc2 Nbd7 7. Nbd2 0-0 8. 0-0 Re8 9. b3 Bd6 10. Bb2 e5 11. cxd5 Nxd5 12. Nc4 Bc7 13. Nfxe5 Nxe5 14. Nxe5 Nf6 15. f4 Ng4 16. Nxg4 Bxg4 17. e4 Bb6 18. Qc3 Qd7 19. f5 f6 20. h3 Bh5 21. g4 Bf7 22. Kh1 h5 23. e5 Bd5 24. e6 Qd6 25. Bxd5 Qxd5+ 26. Qf3 hxg4 27. Qxd5 cxd5 28. hxg4 Rac8 29. Rac1 a6 30. Kg2 Ba7 31. Kf3 Bb6 32. Ke3 Ba7 33. Ba3 Bb8 34. Bc5 Bc7 35. Rh1 b6 36. Ba3 Bb8 37. Bb4 a5 38. Ba3 Bc7 39. Rhf1 Bb8 40. Rfe1 Bg3 41. Rh1 Bb8 42. Kf3 Ba7 43. g5 fxg5 44. Kg4 b5 45. Bc5 Bxc5 46. Rxc5 Rxc5 47. dxc5 g6 48. Kxg5 gxf5 49. Kxf5 Rc8 50. e7 d4 51. Ke6 Ra8 52. Rg1+ 1-0